|
|
|
|
| LEADER |
00000nam a2200000 a 4500 |
| 001 |
vtls008346801 |
| 003 |
SK-MaSNL |
| 005 |
20260301123244.0 |
| 008 |
250312s1974 xo slo |
| 015 |
|
|
|a SNBA1974/06-01580
|
| 035 |
|
|
|a SK01SNK19740039018
|
| 035 |
|
|
|a urn:nbn:sk:snk-amyddv
|
| 035 |
|
|
|a urn:nbn:sk:snk-am00cfc0
|
| 035 |
|
|
|a 9F932DCA-096A-4A35-804B-58C3E6F79894
|
| 035 |
|
|
|a SKM000041481
|
| 040 |
|
|
|a SNK
|b slo
|c SNK
|e AACR2
|
| 041 |
1 |
|
|a slo
|a cze
|
| 044 |
|
|
|a xo
|
| 080 |
|
|
|a 657.471.1:006(082)=854=850
|2 1981
|
| 080 |
|
|
|a 006(082)=854=850
|2 1981
|
| 245 |
1 |
0 |
|a Normatívna základňa výrobných kalkulácií
|
| 260 |
|
|
|a Bratislava
|b Dom techniky SVTS
|c 1974
|
| 300 |
|
|
|a 47, [2] s.
|c 8°
|
| 500 |
|
|
|a Tb. Schémy. Čl. slov. a čes.
|
| 563 |
|
|
|a 350 výtl. Vyd. pre účastníkov podujatia a pre služobnú potrebu staveb. podnikov
|
| 650 |
0 |
7 |
|a kalkulácie výrobné
|x základňa normatívna
|x zborníky
|2 SNK
|9 469987
|
| 655 |
|
7 |
|a zborníky
|2 SNKPH
|9 70165
|
| 852 |
|
|
|a Slovenská národná knižnica
|
| 958 |
|
|
|a OND
|
| 958 |
|
|
|a RK
|
| 958 |
|
|
|a RM
|
| 958 |
|
|
|a NB
|
| 958 |
|
|
|a ZB
|
| 999 |
|
|
|c 735583
|d 737513
|
| 952 |
|
|
|a SNK
|b SNK
|y VYP
|7 0
|p 17A0542023
|o snkSD 43942 D1
|i snkD 752/88
|8 1
|3 rekatalogizácia
|0 0
|1 0
|4 0
|d 2007-08-02
|l 0
|r 2026-02-23 22:43:13
|w 2026-02-23
|
| 952 |
|
|
|a SNK
|b SNK
|y PREZ
|7 0
|p 17A0958255
|o snkSD 43942
|0 0
|1 0
|4 0
|d 2013-08-15
|f 1
|l 0
|r 2026-02-23 22:43:13
|w 2026-02-23
|